000 00265nam a2200097Ia 4500
001 718291
005 20250826163020.0
008 250824s9999 xx 000 0 und d
245 0 _aMUHTEŞEM SÜLEYMAN VE HÜRREM SULTAN
_cYAVUZ BAHADIROĞLU
260 _bPANAMA YAYINLARI
999 _c718291
_d718291